000 00775nam a2200205Ia 4500
003 GCL
008 140319s9999 xx 000 0 ara d
040 _aGCL /
_cGCL
082 0 4 _a894.511
_b
_bم ن
100 1 _aميكلوش، هوباى
245 1 0 _aنصوص تجريبية من المسرح المجرى /
_cميكلوش، هوباى
260 _aالقاهرة :
_bوزارة الثقافة - مهرجان القاهرة الدولى للمسرح التجريبى ،
_c2004
300 _a239 ص ؛
_c24 سم
650 0 4 _aالتمثيل فى المسرح
650 0 4 _aالمسرحيات التجريبية
650 0 4 _aالمسرحيات - مجموعات
650 0 4 _aالمسرح - المجر
650 0 4 _aالمسرحيات - المجر
942 _2ddc
_cBK
999 _c7166
_d7166